000
00288nam a2200109Ia 4500
008
220204s9999 xx 000 0 und d
082
_a
543.46
_b
CHA
100
_a
Chamberlain, John
245
0
_a
Principles of interferometric spectroscopy
260
_a
Chichester
_b
Wiley
_c
1979
942
_c
BK
999
_c
34610
_d
34610